Marketing : power plays

Bibliographic Details
Format: Book
Published: New York : McGraw-Hill Companies Inc. , 2007
Series:BusinessWeek power plays
Subjects:

MARC

LEADER 00000cam a2200000 7i4500
001 0000122088
005 20080926.0
020 |a 0071475583 
090 0 0 |a 658.8   |b MAR 
245 1 0 |a Marketing :   |b power plays 
260 |a New York :   |b McGraw-Hill Companies Inc. ,   |c 2007 
300 |a 178p. ;   |c 22cm. 
490 0 |a BusinessWeek power plays 
650 0 0 |a Marketing 
650 0 0 |a Marketing   |x Case studies 
999 |a 00214687   |b BUKU   |c PINJAMAN   |e PERPUSTAKAAN KOMUNITI PETALING JAYA